Currency or Bi-metallism examined (Record no. 152139)

MARC details
000 -LEADER
campo de control de longitud fija 00764nam a2200181 i 4500
001 - NÚMERO DE CONTROL
campo de control 152139
003 - IDENTIFICADOR DE NÚMERO DE CONTROL
campo de control ES-MaACL
005 - FECHA Y HORA DE LA ÚLTIMA TRANSACCIÓN
campo de control 20230906204542.0
008 - DATOS DE LONGITUD FIJA--INFORMACIÓN GENERAL
campo de control de longitud fija 051011s1887 xxk | |||||||| ||eng d
040 ## - FUENTE DE CATALOGACIÓN
Centro catalogador/agencia de origen CAM
Lengua de catalogación spa
Centro/agencia transcriptor CAM
100 1# - ENTRADA PRINCIPAL--NOMBRE DE PERSONA
Nombre de persona Birkmyre, William.
9 (RLIN) 28977
245 10 - MENCIÓN DEL TÍTULO
Título Currency or Bi-metallism examined
Resto del título : being an address delivered to the members of the Greenock Chamber of Commerce, 28th July 1887 /
Mención de responsabilidad, etc. by William Birkmyre.
260 ## - PUBLICACIÓN, DISTRIBUCIÓN, ETC.
Lugar de publicación, distribución, etc. Glasgow :
Nombre del editor, distribuidor, etc. M'Naughtan & Sinclair,
Fecha de publicación, distribución, etc. 1887.
300 ## - DESCRIPCIÓN FÍSICA
Extensión 16 p. ;
Dimensiones 24 cm.
595 ## -
-- Published at The Request of the Greenock Chamber of Commerce.
650 #4 - PUNTO DE ACCESO ADICIONAL DE MATERIA--TÉRMINO DE MATERIA
Término de materia o nombre geográfico como elemento de entrada Bimetalismo.
9 (RLIN) 149131
852 ## - LOCALIZACIÓN
Ubicación ES-MaACL
Número de control de estantería T-1284-F-10
Nota libre -- Enc. hol., conservando la cub. original
-- -- Enc. en un vol. facticio
-- .- Donat. Bosch
Holdings
Estatus retirado Estado de pérdida Estado de daño No para préstamo Colección Biblioteca de origen Biblioteca actual Ubicación en estantería Fecha de adquisición Total de préstamos Signatura topográfica completa Código de barras Visto por última vez Precio de reemplazo Tipo de ítem Koha
        Colección de folletos Biblioteca del Ateneo de Madrid Biblioteca del Ateneo de Madrid Depósito folletos 17/01/2008   T-1284-F-10 1158831 23/02/2023 23/02/2023 Folleto